[Event "Titled Tuesday intern op 15th Sept"]
[Site "Chess.com INT"]
[Date "2020.09.15"]
[Round "10"]
[White "Balabayeva, Kseniya"]
[Black "Nguyen, Dang Hong Phuc"]
[Result "0-1"]
[WhiteElo "2146"]
[BlackElo "2294"]
[PlyCount "78"]
[EventDate "2020.09.15"]
[EventType "swiss (blitz)"]
[EventRounds "10"]
[EventCountry "USA"]
[SourceTitle "CBM 198 Extra"]
[Source "ChessBase"]
[SourceDate "2020.11.30"]
[SourceVersion "1"]
[SourceVersionDate "2020.11.30"]
[SourceQuality "1"]

1. e4 c5 2. Be2 d6 3. f4 a6 4. Nf3 Nc6 5. c3 b5 6. d3 Bb7 7. Be3 e6 8. Nbd2 Be7 9. 0-0 Nf6 10. Kh1 0-0 11. a3 d5 12. e5 Nd7 13. d4 cxd4 14. cxd4 Nb6 15. b3 Rc8 16. Bd3 f5 17. exf6 Bxf6 18. Ne5 Ne7 19. Qg4 Qd6 20. Ndf3 Rc3 21. Rad1 Rxb3 22. Ng5 Nf5 23. Bxf5 exf5 24. Qh3 Bxg5 25. fxg5 f4 26. g6 h6 27. Qh4 fxe3 28. Rxf8+ Qxf8 29. Nf7 Bc6 30. Rf1 Nd7 31. Nxh6+ gxh6 32. Rxf8+ Nxf8 33. h3 Nxg6 34. Qe1 Bd7 35. Qg3 Bf5 36. h4 Rb1+ 37. Kh2 e2 38. Qb8+ Kf7 39. Qc7+ Ne7 0-1

[Event "Titled Tuesday intern op 15th Sept"]
[Site "Chess.com INT"]
[Date "2020.09.15"]
[Round "9"]
[White "Nguyen, Dang Hong Phuc"]
[Black "Taras, Iulian Ioan"]
[Result "1-0"]
[WhiteElo "2294"]
[BlackElo "2224"]
[PlyCount "53"]
[EventDate "2020.09.15"]
[EventType "swiss (blitz)"]
[EventRounds "10"]
[EventCountry "USA"]
[SourceTitle "CBM 198 Extra"]
[Source "ChessBase"]
[SourceDate "2020.11.30"]
[SourceVersion "1"]
[SourceVersionDate "2020.11.30"]
[SourceQuality "1"]

1. Nf3 c5 2. e4 Nf6 3. d4 Nxe4 4. dxc5 Nxc5 5. Bc4 e6 6. 0-0 d5 7. Bb5+ Bd7 8. Be2 Nc6 9. a3 a5 10. Nc3 Rc8 11. Bf4 Be7 12. Nb5 Ne4 13. c4 g5 14. Be3 dxc4 15. Bxc4 0-0 16. Qd3 Nc5 17. Qe2 h6 18. h4 e5 19. hxg5 hxg5 20. Rad1 Ne6 21. Rd2 Qe8 22. Rfd1 Rd8 23. Bb6 Ncd4 24. Nfxd4 Bxb5 25. Bxb5 Nxd4 26. Bxd4 Rxd4 27. Bxe8 1-0

[Event "Titled Tuesday intern op 08th Sept"]
[Site "Chess.com INT"]
[Date "2020.09.08"]
[Round "9"]
[White "Kislov, Oleg"]
[Black "Nguyen, Dang Hong Phuc"]
[Result "0-1"]
[WhiteElo "2249"]
[BlackElo "2294"]
[PlyCount "70"]
[EventDate "2020.09.08"]
[EventType "swiss (blitz)"]
[EventRounds "10"]
[EventCountry "USA"]
[SourceTitle "CBM 198 Extra"]
[Source "ChessBase"]
[SourceDate "2020.11.30"]
[SourceVersion "1"]
[SourceVersionDate "2020.11.30"]
[SourceQuality "1"]

1. e4 c5 2. Nf3 d6 3. c3 Nf6 4. Be2 e6 5. 0-0 Be7 6. Re1 Nc6 7. Bf1 Qc7 8. d4 cxd4 9. cxd4 0-0 10. d5 exd5 11. exd5 Ne5 12. Nxe5 dxe5 13. Nc3 Bf5 14. Bg5 Rfd8 15. Qb3 h6 16. Bh4 Rac8 17. Bg3 Nd7 18. Rac1 a6 19. a4 Bg5 20. Rcd1 Nc5 21. Qc4 Qd7 22. Qb4 e4 23. d6 h5 24. Nd5 h4 25. Nb6 Qc6 26. Nxc8 Rxc8 27. Be5 Nd3 28. Bxd3 exd3 29. Qd4 h3 30. gxh3 Bxh3 31. Qe4 d2 32. Re2 Qxe4 33. Rxe4 Rc1 34. f4 Rxd1+ 35. Kf2 Rf1+ 0-1

[Event "Titled Tuesday intern op 26th May"]
[Site "Chess.com INT"]
[Date "2020.05.26"]
[Round "2"]
[White "Le, Tuan Minh"]
[Black "Nguyen, Dang Hong Phuc"]
[Result "1-0"]
[WhiteElo "2501"]
[BlackElo "2294"]
[PlyCount "97"]
[EventDate "2020.05.26"]
[EventType "swiss (blitz)"]
[EventRounds "10"]
[EventCountry "USA"]
[SourceTitle "CBM 196 Extra"]
[Source "ChessBase"]
[SourceDate "2020.07.31"]
[SourceVersion "1"]
[SourceVersionDate "2020.07.31"]
[SourceQuality "1"]

1. d4 Nf6 2. Nf3 e6 3. Bf4 d5 4. e3 Bd6 5. Bg3 0-0 6. c4 b6 7. Nc3 a6 8. cxd5 exd5 9. Bd3 Bb7 10. 0-0 Qe7 11. Bh4 Nbd7 12. Qc2 h6 13. Rae1 g5 14. Bg3 Rfe8 15. Ne2 Ne4 16. Bxd6 Qxd6 17. Ng3 Nxg3 18. hxg3 Nf6 19. Ne5 c5 20. Bf5 Ne4 21. g4 f6 22. Nf3 Kg7 23. dxc5 bxc5 24. Rc1 Bc8 25. Bxe4 dxe4 26. Nh2 Be6 27. Rfd1 Qe5 28. Qxc5 Qxb2 29. Rb1 Qe5 30. Rb7+ Kg8 31. Qxe5 fxe5 32. Nf1 Red8 33. Rxd8+ Rxd8 34. Ng3 Bxg4 35. Nxe4 Rd1+ 36. Kh2 Be6 37. Rb6 Bxa2 38. Rxa6 Bc4 39. Rxh6 Kg7 40. Rb6 Bf7 41. Nxg5 Bg6 42. Rb7+ Kf6 43. Nf3 Bh5 44. Rb6+ Kf5 45. Nh4+ Kg4 46. Nf3 Kf5 47. Kg3 Rd8 48. Nh4+ Kg5 49. f4+ 1-0

[Event "Titled Tuesday intern op 26th May"]
[Site "Chess.com INT"]
[Date "2020.05.26"]
[Round "7"]
[White "Nguyen, Dang Hong Phuc"]
[Black "Gerasimenyk, Mihail"]
[Result "1-0"]
[WhiteElo "2294"]
[BlackElo "2133"]
[PlyCount "111"]
[EventDate "2020.05.26"]
[EventType "swiss (blitz)"]
[EventRounds "10"]
[EventCountry "USA"]
[SourceTitle "CBM 196 Extra"]
[Source "ChessBase"]
[SourceDate "2020.07.31"]
[SourceVersion "1"]
[SourceVersionDate "2020.07.31"]
[SourceQuality "1"]

1. d4 d6 2. Nf3 Nf6 3. c4 Bg4 4. Qd3 Bxf3 5. Qxf3 c6 6. Nc3 g6 7. e4 Nbd7 8. Bg5 Bg7 9. Be2 Qb6 10. 0-0-0 Qa5 11. Be3 0-0 12. Kb1 b5 13. cxb5 cxb5 14. Bd3 b4 15. Ne2 Rac8 16. Nc1 e5 17. Nb3 Qa4 18. Qe2 a6 19. d5 Nc5 20. Bxc5 dxc5 21. Bc4 Qd7 22. Bxa6 Ra8 23. Bc4 Qd6 24. f3 Ra7 25. Qe3 Nd7 26. Bb5 Rfa8 27. Bxd7 Qxd7 28. Qxc5 Rxa2 29. Qc6 Qa7 30. d6 Rxb2+ 31. Kxb2 Qa2+ 32. Kc1 Bh6+ 33. Nd2 Qa1+ 34. Kc2 Ra2+ 35. Kb3 Qb2+ 36. Kc4 Qc3+ 37. Kb5 Ra5+ 38. Kxa5 Qxc6 39. Nb3 Be3 40. Kxb4 Qb6+ 41. Kc3 Qc6+ 42. Kb2 Qd7 43. Rd3 Bb6 44. Rc1 Kg7 45. Rd5 h5 46. Rc4 h4 47. h3 g5 48. Nc5 Qb5+ 49. Kc3 Ba5+ 50. Kd3 Qb1+ 51. Rc2 Qb5+ 52. Ke3 Qf1 53. d7 Qe1+ 54. Kd3 Qd1+ 55. Kc4 Qxc2+ 56. Kb5 1-0

[Event "Titled Tuesday intern op 14th April"]
[Site "Chess.com INT"]
[Date "2020.04.14"]
[Round "4"]
[White "Nguyen, Dang Hong Phuc"]
[Black "Gheorghiu, Calin"]
[Result "0-1"]
[WhiteElo "2294"]
[BlackElo "2283"]
[PlyCount "68"]
[EventDate "2020.04.14"]
[EventType "swiss (blitz)"]
[EventRounds "10"]
[EventCountry "USA"]
[SourceTitle "EXT 2021"]
[Source "ChessBase"]
[SourceDate "2020.10.23"]
[SourceVersion "1"]
[SourceVersionDate "2020.10.23"]
[SourceQuality "1"]

1. d4 Nf6 2. c4 e6 3. Nf3 d5 4. g3 Be7 5. Bg2 0-0 6. 0-0 dxc4 7. Qc2 b6 8. Bg5 Nd5 9. Bxe7 Qxe7 10. Qxc4 Bb7 11. a3 c5 12. dxc5 Rc8 13. Nbd2 Rxc5 14. Qa4 Nd7 15. b4 Nc3 16. Qb3 Nxe2+ 17. Kh1 Rc7 18. Qd3 Nc3 19. Rfc1 Rac8 20. h4 Nf6 21. Kg1 Ncd5 22. Rxc7 Qxc7 23. Nd4 a6 24. Ne4 Nxe4 25. Bxe4 Nf6 26. Bxb7 Qxb7 27. Ne2 b5 28. Rd1 g6 29. Nf4 Qc6 30. Qd4 Ng4 31. h5 e5 32. Qd2 exf4 33. Qxf4 gxh5 34. Qg5+ Qg6 0-1

[Event "Titled Tuesday intern op 7th April"]
[Site "Chess.com INT"]
[Date "2020.04.07"]
[Round "9"]
[White "Nakar, Eylon"]
[Black "Nguyen, Dang Hong Phuc"]
[Result "0-1"]
[WhiteElo "2421"]
[BlackElo "2294"]
[PlyCount "82"]
[EventDate "2020.04.07"]
[EventType "swiss (blitz)"]
[EventRounds "10"]
[EventCountry "USA"]
[SourceTitle "EXT 2021"]
[Source "ChessBase"]
[SourceDate "2020.10.23"]
[SourceVersion "1"]
[SourceVersionDate "2020.10.23"]
[SourceQuality "1"]

1. e4 c5 2. Nf3 e6 3. d4 cxd4 4. Nxd4 a6 5. c4 Nf6 6. Nc3 Bb4 7. Qd3 Qc7 8. Be2 0-0 9. Nc2 Bxc3+ 10. bxc3 d6 11. 0-0 Nbd7 12. Rd1 Nc5 13. Qxd6 Qxd6 14. Rxd6 Nfxe4 15. Rd4 Nxc3 16. Bf1 e5 17. Rh4 Be6 18. Ba3 Rac8 19. Re1 f6 20. f4 e4 21. Nd4 Bd7 22. Nb3 N3a4 23. Nxc5 Nxc5 24. Bxc5 Rxc5 25. Rxe4 Bc6 26. Re7 Ra5 27. Rh3 Rxa2 28. Rc7 Re8 29. Rg3 g6 30. h4 Re1 31. Rxc6 bxc6 32. Rf3 Raa1 33. f5 Kg7 34. fxg6 hxg6 35. g3 a5 36. Kg2 a4 37. Bd3 a3 38. Kh3 a2 39. Kg4 Rac1 40. Bxg6 Kxg6 41. Ra3 a1Q 0-1

[Event "Titled Tuesday intern op 7th April"]
[Site "Chess.com INT"]
[Date "2020.04.07"]
[Round "3"]
[White "Nguyen, Dang Hong Phuc"]
[Black "Bauer, Thomas"]
[Result "1-0"]
[WhiteElo "2294"]
[BlackElo "2189"]
[PlyCount "61"]
[EventDate "2020.04.07"]
[EventType "swiss (blitz)"]
[EventRounds "10"]
[EventCountry "USA"]
[SourceTitle "EXT 2021"]
[Source "ChessBase"]
[SourceDate "2020.10.23"]
[SourceVersion "1"]
[SourceVersionDate "2020.10.23"]
[SourceQuality "1"]

1. d4 Nf6 2. c4 g6 3. Nc3 Bg7 4. e4 d6 5. h3 0-0 6. Bg5 c5 7. d5 e6 8. Bd3 exd5 9. cxd5 Re8 10. Nf3 h6 11. Be3 Nh5 12. 0-0 Nd7 13. Nd2 Bd4 14. Bxh6 Ng3 15. Re1 Bxf2+ 16. Kxf2 Qh4 17. Be3 Ne5 18. Nf3 Nxe4+ 19. Kg1 Nxf3+ 20. Qxf3 f5 21. Bf2 Qh8 22. Bxe4 fxe4 23. Rxe4 Bf5 24. Rxe8+ Rxe8 25. Qf4 Re5 26. Re1 Qf6 27. g4 g5 28. Qf3 Rxe1+ 29. Bxe1 Qd4+ 30. Bf2 Be4 31. Qxe4 1-0

[Event "Titled Tuesday intern op 7th April"]
[Site "Chess.com INT"]
[Date "2020.04.07"]
[Round "8"]
[White "Nguyen, Dang Hong Phuc"]
[Black "Ozdemir, Serhan Berat"]
[Result "0-1"]
[WhiteElo "2294"]
[BlackElo "2191"]
[PlyCount "64"]
[EventDate "2020.04.07"]
[EventType "swiss (blitz)"]
[EventRounds "10"]
[EventCountry "USA"]
[SourceTitle "EXT 2021"]
[Source "ChessBase"]
[SourceDate "2020.10.23"]
[SourceVersion "1"]
[SourceVersionDate "2020.10.23"]
[SourceQuality "1"]

1. d4 Nf6 2. c4 g6 3. Nc3 Bg7 4. e4 d6 5. h3 0-0 6. Bg5 c5 7. d5 h6 8. Be3 e6 9. Bd3 exd5 10. cxd5 a6 11. a4 Nbd7 12. Nf3 Qc7 13. 0-0 Rb8 14. Re1 Re8 15. Qc2 c4 16. Be2 b5 17. axb5 axb5 18. Ra7 Rb7 19. Nxb5 Qb8 20. Rxb7 Bxb7 21. Nc3 Nc5 22. Bxc5 dxc5 23. Bxc4 Nd7 24. Bb5 Re7 25. Bxd7 Rxd7 26. Na4 Bf8 27. Nxc5 Rc7 28. b4 Bxd5 29. exd5 Qxb4 30. Qd3 Rxc5 31. g3 Rc3 32. Qe4 Qxe4 0-1

[Event "Titled Tuesday intern op 7th April"]
[Site "Chess.com INT"]
[Date "2020.04.07"]
[Round "7"]
[White "Postny, Evgeny"]
[Black "Nguyen, Dang Hong Phuc"]
[Result "1-0"]
[WhiteElo "2600"]
[BlackElo "2294"]
[PlyCount "101"]
[EventDate "2020.04.07"]
[EventType "swiss (blitz)"]
[EventRounds "10"]
[EventCountry "USA"]
[SourceTitle "EXT 2021"]
[Source "ChessBase"]
[SourceDate "2020.10.23"]
[SourceVersion "1"]
[SourceVersionDate "2020.10.23"]
[SourceQuality "1"]

1. d4 Nf6 2. c4 e6 3. Nf3 d5 4. g3 dxc4 5. Bg2 Nc6 6. Qa4 Bb4+ 7. Bd2 Nd5 8. 0-0 Bd7 9. Bxb4 Ncxb4 10. Qd1 b5 11. Nc3 0-0 12. Ne5 Rb8 13. Ne4 Nc6 14. Nf3 Na5 15. Nc5 Nb7 16. Nxb7 Rxb7 17. e4 Nb4 18. Ne5 Nc6 19. Nf3 Rb6 20. Qe2 Nb4 21. Ne5 Qe7 22. Rfd1 Nc6 23. Nf3 Rd8 24. Rd2 Be8 25. Rad1 Nb4 26. a3 Nd3 27. Qe3 Rbd6 28. Bf1 e5 29. dxe5 Nxe5 30. Nxe5 Rxd2 31. Rxd2 Rxd2 32. Qxd2 Qxe5 33. Bg2 g6 34. Kf1 Kg7 35. f4 Qd6 36. Qc3+ f6 37. Ke2 Bd7 38. e5 fxe5 39. fxe5 Bg4+ 40. Ke3 Qc5+ 41. Qd4 Qxd4+ 42. Kxd4 a5 43. Kc5 Bd7 44. Bd5 Kf8 45. h4 Ke7 46. Bg8 h6 47. Bd5 g5 48. hxg5 hxg5 49. a4 c6 50. Bg8 bxa4 51. Bxc4 1-0

[Event "Titled Tuesday intern op 7th Januar"]
[Site "Chess.com INT"]
[Date "2020.01.07"]
[Round "8"]
[White "Nguyen, Dang Hong Phuc"]
[Black "Manafov, Vugar Gulam"]
[Result "1-0"]
[WhiteElo "2294"]
[BlackElo "2264"]
[PlyCount "107"]
[EventDate "2020.01.07"]
[EventType "swiss (blitz)"]
[EventRounds "10"]
[EventCountry "USA"]
[SourceTitle "EXT 2021"]
[Source "ChessBase"]
[SourceDate "2020.10.23"]
[SourceVersion "1"]
[SourceVersionDate "2020.10.23"]
[SourceQuality "1"]

1. d4 Nf6 2. c4 e6 3. Nf3 Bb4+ 4. Nbd2 0-0 5. a3 Bxd2+ 6. Qxd2 d6 7. g3 b6 8. Bg2 Bb7 9. b3 Nbd7 10. 0-0 Ne4 11. Qc2 f5 12. Bb2 Rf6 13. d5 e5 14. Nh4 c6 15. dxc6 Bxc6 16. Nxf5 Ndc5 17. Ne3 Qf8 18. f3 Ng5 19. Nd5 Bxd5 20. cxd5 Rc8 21. Rac1 Re8 22. b4 Nd7 23. Qd2 Rg6 24. Rc7 Nf6 25. e4 h5 26. h4 Nf7 27. Kh2 Rc8 28. Rfc1 Rxc7 29. Rxc7 Nh6 30. Qe2 Qb8 31. Qc4 Kh7 32. Rc8 Qb7 33. b5 Qf7 34. Qc7 Nfg4+ 35. Kg1 Qf6 36. Qd8 Qxd8 37. Rxd8 Ne3 38. Bc1 Nc2 39. Kf2 Nf7 40. Rd7 Rf6 41. Rxa7 Nd4 42. a4 Kg8 43. Be3 Nh6 44. Bxh6 Rxh6 45. Rb7 Rf6 46. Rxb6 Rf8 47. Rxd6 Ra8 48. Ra6 Rc8 49. Rc6 Nxc6 50. dxc6 Kf8 51. a5 Ke7 52. Bh3 Rc7 53. Bd7 Ra7 54. a6 1-0

[Event "Titled Tuesday intern op 3rd Jan"]
[Site "Chess.com INT"]
[Date "2019.12.03"]
[Round "7"]
[White "Kujawski, Adam"]
[Black "Nguyen, Dang Hong Phuc"]
[Result "0-1"]
[WhiteElo "2201"]
[BlackElo "2294"]
[PlyCount "94"]
[EventDate "2019.12.03"]
[EventType "swiss (blitz)"]
[EventRounds "10"]
[EventCountry "USA"]
[SourceTitle "EXT 2021"]
[Source "ChessBase"]
[SourceDate "2020.10.23"]
[SourceVersion "1"]
[SourceVersionDate "2020.10.23"]
[SourceQuality "1"]

1. e4 c5 2. Nf3 e6 3. d4 cxd4 4. Nxd4 a6 5. Nc3 b5 6. Bd3 Ne7 7. 0-0 Nec6 8. Nb3 d6 9. Kh1 Be7 10. a4 b4 11. Ne2 Nd7 12. a5 0-0 13. Be3 Bb7 14. c3 Nc5 15. Nxc5 dxc5 16. cxb4 Nxb4 17. Bb1 Qc7 18. Nc3 Rad8 19. Qe2 c4 20. f3 Bf6 21. Bb6 Qc6 22. Bxd8 Rxd8 23. Bc2 Nd3 24. Bxd3 cxd3 25. Qd2 Qc4 26. Rfd1 Bc6 27. Rac1 Qb3 28. Nd5 exd5 29. Rxc6 dxe4 30. fxe4 Qb5 31. Qxd3 Qxd3 32. Rxd3 Rxd3 33. g3 Rd1+ 34. Kg2 h6 35. Rxa6 Rd2+ 36. Kh3 Rxb2 37. Ra8+ Kh7 38. Rf8 Kg6 39. a6 Ra2 40. Ra8 Bd4 41. Kg4 Rxh2 42. Rd8 Be3 43. Rd6+ Kh7 44. Kf3 Bg1 45. Rd7 Ra2 46. Rxf7 Rf2+ 47. Kg4 Rxf7 0-1

[Event "VIE-chT"]
[Site "Ho Chi Minh City"]
[Date "2019.09.28"]
[Round "4.11"]
[White "Nguyen, Dang Hong Phuc"]
[Black "Vu, Hoang Gia Bao"]
[Result "1/2-1/2"]
[WhiteElo "2294"]
[BlackElo "1758"]
[PlyCount "38"]
[EventDate "2019.09.26"]
[EventType "team-swiss"]
[EventRounds "9"]
[EventCountry "VIE"]
[SourceTitle "EXT 2020"]
[Source "ChessBase"]
[SourceDate "2019.10.17"]
[SourceVersion "1"]
[SourceVersionDate "2019.10.17"]
[SourceQuality "1"]

1. d4 Nf6 2. c4 g6 3. Nc3 Bg7 4. e4 d6 5. h3 0-0 6. Bg5 c5 7. d5 e6 8. Nf3 Re8 9. Bd3 exd5 10. cxd5 Qb6 11. 0-0 Nfd7 12. Qd2 a6 13. Rae1 Qc7 14. Bh6 Bh8 15. Bb1 b5 16. Ne2 c4 17. g4 Nc5 18. Be3 Nbd7 19. Bd4 f6 1/2-1/2

[Event "Titled Tuesday intern op 3rd Sept"]
[Site "Chess.com INT"]
[Date "2019.09.03"]
[Round "4"]
[White "Khumalo, Keith"]
[Black "Nguyen, Dang Hong Phuc"]
[Result "0-1"]
[WhiteElo "2091"]
[BlackElo "2294"]
[PlyCount "102"]
[EventDate "2019.09.03"]
[EventType "swiss (blitz)"]
[EventRounds "10"]
[EventCountry "USA"]
[SourceTitle "EXT 2021"]
[Source "ChessBase"]
[SourceDate "2020.10.23"]
[SourceVersion "1"]
[SourceVersionDate "2020.10.23"]
[SourceQuality "1"]

1. d4 Nf6 2. c4 e6 3. Nf3 d5 4. g3 dxc4 5. Bg2 Nc6 6. 0-0 Rb8 7. e3 b5 8. Qe2 Bb7 9. Rd1 a6 10. e4 Be7 11. Nc3 0-0 12. Bf4 Nb4 13. Ne1 Re8 14. a3 Nc6 15. Nf3 Na5 16. Re1 Nd7 17. Rad1 h6 18. h4 Bd6 19. Be3 Nb3 20. g4 c5 21. g5 hxg5 22. Nxg5 f6 23. Nf3 cxd4 24. Nxd4 Nxd4 25. Rxd4 Be5 26. Rd2 Qc7 27. Rc1 Rbd8 28. Rcd1 Nf8 29. Qg4 Rxd2 30. Rxd2 Rd8 31. Rxd8 Qxd8 32. h5 Kf7 33. Nd1 Qd3 34. Bf3 a5 35. h6 g6 36. Qh3 Nh7 37. Bg4 Bxe4 38. Bxe6+ Ke8 39. Qg4 Bf5 40. Bxf5 Qxf5 41. Qg2 Qd7 42. Qxg6+ Qf7 43. Qe4 Qg8+ 44. Kf1 Ng5 45. Qc6+ Kf7 46. Qd5+ Ne6 47. Qd7+ Kg6 48. Qd5 Qe8 49. Qxb5 Qxb5 50. Kg2 Bxb2 51. a4 Qb3 0-1

[Event "VIE-ch"]
[Site "Ho Chi Minh City"]
[Date "2019.05.08"]
[Round "8"]
[White "Tu, Hoang Thong"]
[Black "Nguyen, Dang Hong Phuc"]
[Result "1-0"]
[WhiteElo "2396"]
[BlackElo "2361"]
[PlyCount "69"]
[EventDate "2019.05.02"]
[EventType "swiss"]
[EventRounds "9"]
[EventCountry "VIE"]
[SourceTitle "CBM 190 Extra"]
[Source "ChessBase"]
[SourceDate "2019.07.15"]
[SourceVersion "1"]
[SourceVersionDate "2019.07.15"]
[SourceQuality "1"]

1. d4 Nf6 2. Bg5 d5 3. e3 e6 4. Nd2 c5 5. c3 Nbd7 6. Bd3 Qc7 7. f4 h6 8. Bxf6 gxf6 9. Nh3 f5 10. Nf3 Bd6 11. 0-0 c4 12. Be2 b5 13. Ne5 Nf6 14. Nf2 h5 15. h3 Ke7 16. a4 Ba6 17. axb5 Bxb5 18. b3 Bxe5 19. fxe5 Nd7 20. Qc1 f6 21. e4 dxe4 22. Nxe4 fxe4 23. exf6+ Kd8 24. Qg5 Qc6 25. Ra5 a6 26. bxc4 Bxc4 27. Bxc4 Qxc4 28. f7+ Kc7 29. Qe7 Kb6 30. Rfa1 Kc6 31. R1a4 Qd3 32. Qxe6+ Kc7 33. Kh2 h4 34. Rc4+ Kd8 35. Rg5 1-0

[Event "Titled Tuesday intern op 2nd April"]
[Site "Chess.com INT"]
[Date "2019.04.02"]
[Round "4"]
[White "Grachev, Boris V"]
[Black "Nguyen, Dang Hong Phuc"]
[Result "1-0"]
[WhiteElo "2618"]
[BlackElo "2361"]
[PlyCount "67"]
[EventDate "2019.04.02"]
[EventType "swiss (blitz)"]
[EventRounds "10"]
[EventCountry "USA"]
[SourceTitle "EXT 2021"]
[Source "ChessBase"]
[SourceDate "2020.10.23"]
[SourceVersion "1"]
[SourceVersionDate "2020.10.23"]
[SourceQuality "1"]

1. Nf3 Nf6 2. c4 e6 3. Nc3 d5 4. e3 a6 5. b3 c5 6. cxd5 exd5 7. d4 b6 8. Bb2 Be7 9. Bd3 0-0 10. 0-0 Bb7 11. Rc1 Nbd7 12. Ne2 Rc8 13. Ng3 Re8 14. Qe2 b5 15. dxc5 Bxc5 16. Rfd1 Qb6 17. Nd4 Ne5 18. Bf5 Rc7 19. Bb1 g6 20. h3 Rcc8 21. a3 Ne4 22. Nxe4 dxe4 23. b4 Bd6 24. Ba2 Rxc1 25. Rxc1 Nd3 26. Rc2 Bb8 27. Ba1 h5 28. Nf5 Rc8 29. Nh6+ Kf8 30. Nxf7 h4 31. Rxc8+ Bxc8 32. Qc2 Be6 33. Ng5 Bxa2 34. Qxa2 1-0

[Event "Titled Tuesday intern op 2nd April"]
[Site "Chess.com INT"]
[Date "2019.04.02"]
[Round "8"]
[White "Nguyen, Dang Hong Phuc"]
[Black "Paltrinieri, Nicholas"]
[Result "1-0"]
[WhiteElo "2361"]
[BlackElo "2276"]
[PlyCount "143"]
[EventDate "2019.04.02"]
[EventType "swiss (blitz)"]
[EventRounds "10"]
[EventCountry "USA"]
[SourceTitle "EXT 2021"]
[Source "ChessBase"]
[SourceDate "2020.10.23"]
[SourceVersion "1"]
[SourceVersionDate "2020.10.23"]
[SourceQuality "1"]

1. d4 e6 2. c4 f5 3. Nc3 Nf6 4. g3 Bb4 5. Bg2 0-0 6. Nh3 d6 7. 0-0 Bxc3 8. bxc3 c6 9. Qc2 e5 10. Rd1 Qe7 11. a4 e4 12. c5 dxc5 13. Ba3 Na6 14. e3 Be6 15. Bf1 Qc7 16. Nf4 Bf7 17. Bxa6 bxa6 18. Bxc5 Rfb8 19. Rdb1 Bc4 20. h4 Nd5 21. Rb4 Nxf4 22. exf4 Rxb4 23. cxb4 Qf7 24. Rc1 Bb3 25. Qe2 Bxa4 26. Qxa6 Bb5 27. Qa3 a6 28. Rc2 Re8 29. Qe3 Qh5 30. Rc1 h6 31. Bd6 Ra8 32. Bc7 Ra7 33. Bb6 Ra8 34. Kh2 Kh7 35. Rc5 Rf8 36. Rc1 Rf7 37. Bc5 Qg6 38. Bb6 Qe6 39. Bc5 Qa2 40. Kg1 Rd7 41. Qc3 Rd8 42. Qc2 Qf7 43. Qc3 Ra8 44. Bb6 Qe6 45. Qe3 Qd5 46. Qc3 Qf7 47. Qe3 Bc4 48. Qc3 Bd5 49. Qe3 Qe7 50. Bc5 Qe8 51. Ra1 Qb8 52. Qe2 Qb7 53. Ra5 Kg6 54. Kh2 Kf6 55. Kg1 g5 56. fxg5+ hxg5 57. Qh5 Rg8 58. Qh6+ Kf7 59. Qh7+ Rg7 60. Qxf5+ Kg8 61. hxg5 e3 62. fxe3 Qc7 63. Qf4 Qd7 64. Rxa6 Qc8 65. Ra1 Rf7 66. Qh4 Rf3 67. Ra7 Bf7 68. Bd6 Qe6 69. Ra8+ Be8 70. Be5 Kf7 71. Qh7+ Kf8 72. Qg7# 1-0

[Event "Titled Tuesday intern op 2nd April"]
[Site "Chess.com INT"]
[Date "2019.04.02"]
[Round "3"]
[White "Nguyen, Dang Hong Phuc"]
[Black "Rasulov, Vugar Ural Oglu"]
[Result "1-0"]
[WhiteElo "2361"]
[BlackElo "2533"]
[PlyCount "101"]
[EventDate "2019.04.02"]
[EventType "swiss (blitz)"]
[EventRounds "10"]
[EventCountry "USA"]
[SourceTitle "EXT 2021"]
[Source "ChessBase"]
[SourceDate "2020.10.23"]
[SourceVersion "1"]
[SourceVersionDate "2020.10.23"]
[SourceQuality "1"]

1. d4 Nf6 2. c4 e6 3. Nf3 b6 4. g3 Ba6 5. Qc2 Bb7 6. Bg2 Bb4+ 7. Bd2 a5 8. 0-0 0-0 9. b3 Be4 10. Qc1 Nc6 11. a3 Be7 12. Bc3 d5 13. Nbd2 Bxf3 14. Bxf3 Qd7 15. Rd1 Rfd8 16. e4 dxe4 17. Nxe4 Rab8 18. Qe3 a4 19. b4 b5 20. d5 exd5 21. Nxf6+ Bxf6 22. Rxd5 Qe7 23. Qxe7 Nxe7 24. Bxf6 gxf6 25. Rxd8+ Rxd8 26. cxb5 Nf5 27. Rc1 Nd4 28. Bd1 Kg7 29. Kg2 Nxb5 30. Bxa4 Nxa3 31. Rxc7 Rd4 32. Bb3 Rxb4 33. Bxf7 Kh6 34. Bg8 Rb8 35. Bxh7 Nb5 36. Rd7 Nc3 37. Bd3 Rf8 38. h4 f5 39. Kf3 Kg6 40. Kf4 Nd1 41. f3 Nf2 42. Rd6+ Kh5 43. Bxf5 Nh3+ 44. Ke5 Re8+ 45. Re6 Rxe6+ 46. Bxe6 Ng1 47. Bg4+ Kg6 48. f4 Kh6 49. f5 Kg7 50. f6+ Kg6 51. Ke6 1-0

[Event "Ho Chi Minh City HD Bank op 9th"]
[Site "Ho Chi Minh City"]
[Date "2019.03.12"]
[Round "8"]
[White "Cheparinov, Ivan"]
[Black "Nguyen, Dang Hong Phuc"]
[Result "1-0"]
[WhiteElo "2683"]
[BlackElo "2376"]
[PlyCount "95"]
[EventDate "2019.03.07"]
[EventType "swiss"]
[EventRounds "9"]
[EventCountry "VIE"]
[SourceTitle "CBM 189 Extra"]
[Source "ChessBase"]
[SourceDate "2019.06.03"]
[SourceVersion "1"]
[SourceVersionDate "2019.06.03"]
[SourceQuality "1"]

1. e4 e6 2. d4 d5 3. Nc3 dxe4 4. Nxe4 Nd7 5. Nf3 Ngf6 6. Nxf6+ Nxf6 7. c3 c5 8. Bf4 a6 9. Be2 Bd6 10. Ne5 Qc7 11. 0-0 Nd7 12. Bf3 Nxe5 13. dxe5 Bxe5 14. Qa4+ Bd7 15. Bxe5 Qxe5 16. Qa5 Bc6 17. Bxc6+ bxc6 18. Rfe1 Qf5 19. Rad1 0-0 20. c4 Qg5 21. g3 Rfd8 22. b3 h6 23. h4 Qe7 24. Qb6 Rdb8 25. Qxc6 Rc8 26. Qa4 Ra7 27. Rd3 g5 28. h5 a5 29. Red1 Rcc7 30. Rd8+ Kg7 31. Qb5 Rcb7 32. Qc6 Rc7 33. Qe4 Qf6 34. a4 Rab7 35. R8d3 Rb8 36. Qe2 Kg8 37. Rf3 Qg7 38. Kg2 Rcb7 39. Qe1 Ra8 40. Qe4 Rab8 41. Qe1 Ra8 42. Rdd3 Qb2 43. Rd2 Qg7 44. Qe3 Rc8 45. Rd6 Qb2 46. Rxe6 Rxb3 47. Re8+ Kg7 48. Rxf7+ 1-0

[Event "Ho Chi Minh City HD Bank op 9th"]
[Site "Ho Chi Minh City"]
[Date "2019.03.10"]
[Round "6"]
[White "Nguyen, Anh Khoi"]
[Black "Nguyen, Dang Hong Phuc"]
[Result "1-0"]
[WhiteElo "2484"]
[BlackElo "2376"]
[PlyCount "73"]
[EventDate "2019.03.07"]
[EventType "swiss"]
[EventRounds "9"]
[EventCountry "VIE"]
[SourceTitle "CBM 189 Extra"]
[Source "ChessBase"]
[SourceDate "2019.06.03"]
[SourceVersion "1"]
[SourceVersionDate "2019.06.03"]
[SourceQuality "1"]

1. d4 Nf6 2. c4 e6 3. g3 d5 4. Bg2 Bb4+ 5. Bd2 Be7 6. Nf3 0-0 7. 0-0 c6 8. Qc2 b6 9. Rd1 Nbd7 10. b3 Bb7 11. Nc3 Rc8 12. e4 dxe4 13. Nxe4 c5 14. Nxf6+ Nxf6 15. Bf4 Be4 16. Qe2 Qe8 17. Ne5 Bxg2 18. Kxg2 cxd4 19. Rxd4 Rd8 20. Rxd8 Bxd8 21. Rd1 Bc7 22. Qf3 Qa8 23. Qxa8 Rxa8 24. Kf3 a5 25. Nd7 Rd8 26. Nxf6+ gxf6 27. Rxd8+ Bxd8 28. Bd6 f5 29. Ke3 f6 30. Kd4 Kf7 31. c5 bxc5+ 32. Kxc5 e5 33. Kc6 Ke6 34. a3 f4 35. gxf4 e4 36. Bc5 Kf5 37. Kd7 1-0